Экологическая гидрогеология: учебник для вузов

Bibliografiske detaljer
Andre forfattere: Белоусова А. П. Анна Павловна, Гавич И. К. Ирина Константиновна, Лисенков А. Б. Александр Борисович, Попов Е. В. Евгений Владимирович
Summary:В учебнике рассмотрены современные методы изучения экологического состояния подземных вод как природного ресурса, компонента окружающей среды и базовой составляющей природно-технических гидрогеологических систем (ПТГГС). Рассмотрены прямая и обратная связи подземной гидросферы с компонентами окружающей среды, изложены концептуальная модель, методы информационного и эколого-гидродинамического анализа состояния ПТГГС, предложены методы оценки защищенности и уязвимости подземных вод к загрязнению и способы определения параметров массопереноса. Описаны подходы к организации комплексного экологического мониторинга, рассмотрена нормативно-правовая база охраны подземных вод. Для студентов и аспирантов геологоразведочного профиля, гидрогеологов, геологов, экологов и других специалистов, работающих в области проблем загрязнения подземных вод и окружающей среды.
Sprog:russisk
Udgivet: Москва, Академкнига, 2007
Fag:
Format: Bog
KOHA link:https://koha.lib.tpu.ru/cgi-bin/koha/opac-detail.pl?biblionumber=123075

MARC

LEADER 00000nam0a2200000 4500
001 123075
005 20231031130350.0
010 |a 9785946283175 
035 |a (RuTPU)RU\TPU\book\133243 
090 |a 123075 
100 |a 20071011d2007 m y0rusy50 ca 
101 0 |a rus 
102 |a RU 
105 |a a j 001zy 
200 1 |a Экологическая гидрогеология  |e учебник для вузов  |f А. П. Белоусова [и др.] 
210 |a Москва  |c Академкнига  |d 2007 
215 |a 397 с.  |c ил. 
320 |a Библиография в конце книги. 
330 |a В учебнике рассмотрены современные методы изучения экологического состояния подземных вод как природного ресурса, компонента окружающей среды и базовой составляющей природно-технических гидрогеологических систем (ПТГГС). Рассмотрены прямая и обратная связи подземной гидросферы с компонентами окружающей среды, изложены концептуальная модель, методы информационного и эколого-гидродинамического анализа состояния ПТГГС, предложены методы оценки защищенности и уязвимости подземных вод к загрязнению и способы определения параметров массопереноса. Описаны подходы к организации комплексного экологического мониторинга, рассмотрена нормативно-правовая база охраны подземных вод. Для студентов и аспирантов геологоразведочного профиля, гидрогеологов, геологов, экологов и других специалистов, работающих в области проблем загрязнения подземных вод и окружающей среды. 
451 1 |0 (RuTPU)RU\TPU\book\96676  |y 5-94628-195-X  |t Экологическая гидрогеология  |o учебник для вузов  |f А. П. Белоусова [и др.]  |c М.  |n Академкнига  |d 2006  |p 397 с. 
610 1 |a экологическая гидрогеохимия 
610 1 |a учебники 
610 1 |a окружающая среда 
610 1 |a воды подземные 
610 1 |a загрязнение 
610 1 |a природно-технические гидрогеологические системы 
610 1 |a ПТГГС 
610 1 |a техническая нагрузка 
610 1 |a эколого-гидродинамический анализ 
610 1 |a экологический мониторинг 
610 1 |a подземная гидросфера 
610 1 |a антропогенное влияние 
610 1 |a нормативно-правовая база 
675 |a 556.3(075.8)  |v 3 
701 1 |a Белоусова  |b А. П.  |g Анна Павловна 
701 1 |a Гавич  |b И. К.  |g Ирина Константиновна 
701 1 |a Лисенков  |b А. Б.  |g Александр Борисович 
701 1 |a Попов  |b Е. В.  |g Евгений Владимирович 
801 1 |a RU  |b 63413507  |c 20060206  |g PSBO 
801 2 |a RU  |b 63413507  |c 20150526  |g PSBO 
900 |a Экологическая гидрогеология 
900 |a Экологическая гидрогеология и инженерная геология 
900 |a Подземная гидродинамика 
900 |a Гидрогеология 
900 |a Экологический мониторинг 
900 |a Эколого-экономическое обоснование инженерных решений 
900 |a Гидрогеохимия 
900 |a Основы гидрогеологии и инженерной геологии 
942 |c BK 
951 |b 130302  |b 130300 
959 |a 77/20060911  |d 10  |e 0  |f УФ:10